| 000 | 00778nam a22002177a 4500 | ||
|---|---|---|---|
| 999 |
_c8527 _d8527 |
||
| 003 | AR-CdUCM | ||
| 008 | 190325b ||||| |||| 00| 0 spa d | ||
| 040 |
_aMUNICIPALIDAD PROVINCIAL DEL CUSCO _cBIBLIOTECA MUNICIPAL DEL CUSCO |
||
| 082 |
_a636.2 / _bN82 |
||
| 100 |
_aNordby, Julius E. _923878 |
||
| 245 | _aGanado Vacuno / | ||
| 260 |
_aArgentina : _bALBATROS , _c1971. |
||
| 300 |
_a154 páginas : _c20 cm. |
||
| 505 | _aContenido : Terminos Utiles para describir el ganado vacuno -- Seleccion del ganado vacuno -- Preparacion del ganado vacuno -- Entrenamiento y exposicion del ganado vacuno... | ||
| 650 |
_aGanado Vacuno _923879 |
||
| 650 |
_aGanaderia _9321 |
||
| 650 |
_aVacunos _923880 |
||
| 700 |
_aHerbert, Lattig E. _923881 |
||
| 942 |
_2ddc _cLIBROS |
||
| 945 | _artm | ||